00983nam a2200229 a 450000100100000000500170001000800410002704000250006808200150009310000500010824500750015826000800023330000210031349000280033459000750036265000370043765000330047483000350050791000370054295201570057999900170073600003496620260521144507.0111024s1967 ve 000 0 spa d aDO-SdBNPbspacBNPHU a501bG501e1 aGarcía Bacca, Juan David,d1901-199292362910aElementos de filosofía de las ciencias /cJuan David García Bacca. aCaracas :bUniversidad Central de Venezuela. Dirección de Cultura,c1967. a182 p. ;c17 cm.0 aManuales universitarios aPerteneció a la biblioteca personal de Juan Isidro Jimenes Grullón20aFilosofía de la ciencia91946824aCienciasxFilosofía960560 0aManuales universitarios960561 aValidado. Control de calidad MFF 001050718MOaGRbGRcHDd2011-10-24iLF1l0o501 G501ep34966-10r2020-06-25w2020-06-25y1zBiblioteca Juan Isidro Jiménes GrullónZNo se presta c34457d34457